Data Mining concepts and Techniques (Record no. 11196)
[ view plain ]
| 000 -LEADER | |
|---|---|
| fixed length control field | 00343nam a22001457a 4500 |
| 003 - CONTROL NUMBER IDENTIFIER | |
| control field | OSt |
| 008 - FIXED-LENGTH DATA ELEMENTS--GENERAL INFORMATION | |
| fixed length control field | 220511b ||||| |||| 00| 0 eng d |
| 020 ## - INTERNATIONAL STANDARD BOOK NUMBER | |
| International Standard Book Number | 978-93-80931-91-3 |
| 100 ## - MAIN ENTRY--PERSONAL NAME | |
| Personal name | HAN,Jiawei |
| 245 ## - TITLE STATEMENT | |
| Title | Data Mining concepts and Techniques |
| 250 ## - EDITION STATEMENT | |
| Edition statement | 3th |
| 260 ## - PUBLICATION, DISTRIBUTION, ETC. (IMPRINT) | |
| Place of publication, distribution, etc | New Delhi |
| Name of publisher, distributor, etc | Elsevier |
| Date of publication, distribution, etc | 2021 |
| 300 ## - PHYSICAL DESCRIPTION | |
| Extent | 703 |
| 942 ## - ADDED ENTRY ELEMENTS (KOHA) | |
| Source of classification or shelving scheme | Dewey Decimal Classification |
| Koha item type | Text Books |
| Withdrawn status | Lost status | Source of classification or shelving scheme | Damaged status | Not for loan | Collection code | Home library | Current library | Date acquired | Source of acquisition | Currency | Cost, normal purchase price | Bill Number | Total Checkouts | Full call number | Acc. no. / Barcode | Date last seen | Date last borrowed | Actual Cost, discounted price | Bill Date | Koha item type | Public note |
|---|---|---|---|---|---|---|---|---|---|---|---|---|---|---|---|---|---|---|---|---|---|
| Dewey Decimal Classification | B.Tech(CSE) | PIET C-LIBRARY | PIET C-LIBRARY | 21/10/2021 | Aena Book | Indian Rup | 625.00 | 1373 | 4 | 006.3 HAD | 33561 | 01/10/2025 | 22/09/2025 | 469.00 | 21/10/2021 | Text Books | Decentralisation book |